[Event "SVK Club Cup"]
[Site "Kremnica"]
[Date "2021.09.18"]
[Round "6.14"]
[White "Holly, Karol"]
[Black "Hrabusa, Matej"]
[Result "0-1"]
[WhiteElo "1786"]
[BlackElo "2359"]
[PlyCount "60"]
[EventDate "2021.09.15"]
[EventType "team-tourn"]
[EventRounds "7"]
[EventCountry "SVK"]
[SourceTitle "CBM 204 Extra"]
[Source "ChessBase"]
[SourceDate "2021.11.30"]
[SourceVersion "1"]
[SourceVersionDate "2021.11.30"]
[SourceQuality "1"]
[WhiteTeam "Kremnica Postoj"]
[BlackTeam "Liptov Chess School"]
[WhiteTeamCountry "SVK"]
[BlackTeamCountry "SVK"]

1. d3 d5 2. e4 Nf6 3. Bg5 dxe4 4. Bxf6 exf6 5. dxe4 Qxd1+ 6. Kxd1 Nc6 7. Bb5 Bd7 8. f3 0-0-0 9. Nd2 g6 10. Bxc6 Bxc6 11. c3 Bh6 12. f4 Bxf4 13. Ngf3 Bxe4 14. Ke2 Bxd2 15. Nxd2 Bxg2 16. Rhe1 Rhe8+ 17. Kd1 Rxe1+ 18. Kxe1 f5 19. Nc4 f4 20. Kf2 Bd5 21. Ne5 g5 22. Rg1 Bxa2 23. Nf3 f6 24. Ra1 Bc4 25. h4 g4 26. Nd4 c5 27. Nf5 Kc7 28. Nh6 Rd2+ 29. Kg1 f3 30. Nxg4 Rg2+ 0-1

[Event "SVK Club Cup"]
[Site "Kremnica"]
[Date "2021.09.16"]
[Round "2.7"]
[White "Solcan, Martin"]
[Black "Holly, Karol"]
[Result "1-0"]
[WhiteElo "2046"]
[BlackElo "1786"]
[PlyCount "47"]
[EventDate "2021.09.15"]
[EventType "team-tourn"]
[EventRounds "7"]
[EventCountry "SVK"]
[SourceTitle "CBM 204 Extra"]
[Source "ChessBase"]
[SourceDate "2021.11.30"]
[SourceVersion "1"]
[SourceVersionDate "2021.11.30"]
[SourceQuality "1"]
[WhiteTeam "Levice"]
[BlackTeam "Kremnica Postoj"]
[WhiteTeamCountry "SVK"]
[BlackTeamCountry "SVK"]

1. g3 d5 2. Bg2 Nf6 3. Nf3 c6 4. 0-0 Bf5 5. d3 e6 6. Nc3 Nbd7 7. Nd2 d4 8. Nce4 Nxe4 9. Nxe4 Bxe4 10. dxe4 e5 11. f4 Qb6 12. Bh3 Nc5 13. fxe5 Rd8 14. Bg5 Be7 15. Bxe7 Kxe7 16. Qd2 Ne6 17. Bxe6 Kxe6 18. Qg5 Rdf8 19. Qxg7 d3+ 20. Kg2 dxe2 21. Rf6+ Ke7 22. e6 Rhg8 23. Rxf7+ Ke8 24. Rxf8+ 1-0

[Event "SVK Club Cup"]
[Site "Kremnica"]
[Date "2021.09.15"]
[Round "1.15"]
[White "Holly, Karol"]
[Black "Walterova, Ema"]
[Result "0-1"]
[WhiteElo "1786"]
[BlackElo "1857"]
[PlyCount "90"]
[EventDate "2021.09.15"]
[EventType "team-tourn"]
[EventRounds "7"]
[EventCountry "SVK"]
[SourceTitle "CBM 204 Extra"]
[Source "ChessBase"]
[SourceDate "2021.11.30"]
[SourceVersion "1"]
[SourceVersionDate "2021.11.30"]
[SourceQuality "1"]
[WhiteTeam "Kremnica Postoj"]
[BlackTeam "Bratislava KSN"]
[WhiteTeamCountry "SVK"]
[BlackTeamCountry "SVK"]

1. d3 d5 2. e4 dxe4 3. dxe4 Qxd1+ 4. Kxd1 Nf6 5. f3 Nc6 6. c3 e5 7. Be3 Be6 8. Bb5 0-0-0+ 9. Nd2 Na5 10. Kc2 c6 11. Be2 b6 12. b4 Nb7 13. Ba6 Nd7 14. Ne2 c5 15. a3 Kc7 16. Bxb7 Kxb7 17. Rab1 Rc8 18. b5 c4 19. a4 Bc5 20. Bxc5 Nxc5 21. Ra1 Rhd8 22. Rhd1 Rd3 23. f4 Re3 24. Re1 Nd3 25. f5 Nxe1+ 26. Rxe1 Bd7 27. Nf1 Rxe4 28. Nfg3 Re3 29. Rd1 Bxf5+ 30. Nxf5 Rxe2+ 31. Kc1 Kc7 32. Rd6 g6 33. Rc6+ Kb8 34. Rxc8+ Kxc8 35. Nd6+ Kd7 36. Nxc4 e4 37. Ne5+ Ke6 38. Nc6 Rxg2 39. Nxa7 Ra2 40. Nc8 e3 41. Kd1 f5 42. Nxb6 f4 43. Nc4 e2+ 44. Ke1 f3 45. Kf2 Ra1 0-1